Statistics for General Knowledge Quiz #69

Click here to take the quiz!

General Stats

  • This quiz has been taken 56,251 times
    (14,784 since last reset)
  • The average score is 14 of 20

Answer Stats

Question Answer % Correct
Who slew Goliath?David
96%
What is the most populous city in Australia?Sydney
94%
Besides Ireland, what country is geographically closest to the United Kingdom?France
92%
What popular spread's ingredients include hazelnut, milk, and a hint of cocoa?Nutella
89%
What were Calico Jack and Blackbeard?Pirates
87%
To avoid bad luck, what should one throw over their left shoulder?Salt
81%
What organ produces bile?Liver
80%
In what country would you find the city of Bruges?Belgium
78%
Who discovered the element Radium?Marie and Pierre Curie
69%
According to cliché, what is the best policy?Honesty
68%
Where would you find a skipper and a bosun?On a ship
66%
What famous character was created by Bram Stoker?Count Dracula
66%
Where would you find the "Great Red Spot"?Jupiter
64%
Which U.S. state has the most Cajuns?Louisiana
62%
Who was nicknamed "The Maid of Orléans"?Joan of Arc
54%
What Disney movie features the song "When You Wish Upon a Star"?Pinocchio
48%
"A man a plan a canal Panama" is a famous example of what?Palindrome
47%
In Edgar Allan Poe's "The Raven", what word does the raven say?Nevermore
45%
Which European country did not join the United Nations until 2002?Switzerland
42%
What does an oenophile love?Wine
23%

Score Distribution

Percentile by Number Answered

Percent of People with Each Score

Your Score History

You have not taken this quiz since the last reset